Dizionario storico portatile che contiene la storia de' patriarchi, de' principi ebrei, degl' imperadori, de' re... e... di tutti gli nomini illustri nelle arti a nelle scienze... / (Record no. 156861)
[ view plain ]
| 000 -LEADER | |
|---|---|
| campo de control de longitud fija | 01155nam a22002775i 4500 |
| 001 - NÚMERO DE CONTROL | |
| campo de control | 156861 |
| 003 - IDENTIFICADOR DE NÚMERO DE CONTROL | |
| campo de control | ES-MaACL |
| 005 - FECHA Y HORA DE LA ÚLTIMA TRANSACCIÓN | |
| campo de control | 20250724063420.0 |
| 008 - DATOS DE LONGITUD FIJA--INFORMACIÓN GENERAL | |
| campo de control de longitud fija | 940206s1773 it |||| | ita d |
| 040 ## - FUENTE DE CATALOGACIÓN | |
| Centro catalogador/agencia de origen | CAV |
| Lengua de catalogación | spa |
| 100 1# - ENTRADA PRINCIPAL--NOMBRE DE PERSONA | |
| Nombre de persona | Ladvocat, Jean-Baptiste, |
| Fechas asociadas al nombre | 1709-1765 |
| 9 (RLIN) | 128574 |
| 245 10 - MENCIÓN DEL TÍTULO | |
| Título | Dizionario storico portatile che contiene la storia de' patriarchi, de' principi ebrei, degl' imperadori, de' re... e... di tutti gli nomini illustri nelle arti a nelle scienze... / |
| Mención de responsabilidad, etc. | composto in francese dal signor abate Ladvocat... e transportato in italiano... ; tomo quarto. |
| 250 ## - MENCION DE EDICION | |
| Mención de edición | Edizione novissima. |
| 260 ## - PUBLICACIÓN, DISTRIBUCIÓN, ETC. | |
| Lugar de fabricación/manufactura | In Bassano : |
| Nombre del editor, distribuidor, etc. | a spese Remondini di Venezia, |
| Fecha de publicación, distribución, etc. | 1773. |
| 300 ## - DESCRIPCIÓN FÍSICA | |
| Extensión | 276 p. ; |
| Dimensiones | 8\so\p. |
| 595 #1 - | |
| -- | Datos de la ed. preceden a tomo quarto. |
| 597 #1 - NOTA DE DESCRIPCIÓN FÍSICA | |
| NOTA DE DESCRIPCIÓN FÍSICA | Sign.: A-Q>8<, R>10<. |
| 597 #1 - NOTA DE DESCRIPCIÓN FÍSICA | |
| NOTA DE DESCRIPCIÓN FÍSICA | Port. con marca tip. |
| 597 #1 - NOTA DE DESCRIPCIÓN FÍSICA | |
| NOTA DE DESCRIPCIÓN FÍSICA | Texto a dos col. |
| 650 #0 - PUNTO DE ACCESO ADICIONAL DE MATERIA--TÉRMINO DE MATERIA | |
| Término de materia o nombre geográfico como elemento de entrada | Biografías- |
| Subdivisión general | Diccionarios |
| 9 (RLIN) | 222681 |
| 700 11 - ENTRADA AGREGADA--NOMBRE PERSONAL | |
| Nombre de persona | Remondini, Giuseppe, |
| Fechas asociadas al nombre | fl.1773-1811 |
| Término indicativo de función/relación | |
| 9 (RLIN) | 241383 |
| 752 ## - ENTRADA AGREGADA--NOMBRE JERÁRQUICO DEL LUGAR | |
| País o entidad superior | Italia - |
| Ciudad | , Bassano |
| 852 ## - LOCALIZACIÓN | |
| Ubicación | ES-MaACL |
| Número de control de estantería | R-405-6 |
| Nota libre | -- Enc. pasta |
| Encuadernación | Olim: D-949-50 |
| Estatus retirado | Estado de pérdida | Estado de daño | No para préstamo | Colección | Biblioteca de origen | Biblioteca actual | Ubicación en estantería | Fecha de adquisición | Total de préstamos | Signatura topográfica completa | Código de barras | Visto por última vez | Precio de reemplazo | Tipo de ítem Koha |
|---|---|---|---|---|---|---|---|---|---|---|---|---|---|---|
| Libros del s. XVIII | Biblioteca del Ateneo de Madrid | Biblioteca del Ateneo de Madrid | Depósito | 17/01/2008 | R-405-6 | 1164116 | 23/02/2023 | 23/02/2023 | Libro impreso antiguo |
